00736nam a2200265 a 4500003000900000005001700009008004100026020001800067040001300085100002400098245003800122250001300160260002500173300002300198490004000221500004200261650001600303650001400319650001400333650001300347650002900360650001400389650004100403653002600444AR-BaBNM20251128210458.0082120s2002 ||||||||||||||000 | spa|| a84-359-0191-2 cAR-BaBNM1 aEscarpanter, José00aGramática moderna del español a20ª ed. aMadridbPlayorc1997 a316 p.bil., mapas 0aCómo dominar. Lengua y literatura aContiene referencias bibliográficas 4aLINGUISTICA 4aSEMANTICA 4aGRAMATICA 4aSINTAXIS 4aMORFOLOGIA [LINGUISTICA] 4aFONOLOGIA 4aLINGUISTICA COMPARATIVA Y DIACRONICA aHISTORIA DE LA LENGUA